000 00833cam a22002653a 4500
001 31238
003 PGUSA
005 20140828083657.0
008 100209s2010||||xxu|||||s|||||000 | eng d
040 _aPGUSA
_beng
042 _adc
050 4 _aPE
100 1 _aScudder, Horace Elisha,
_d1838-1902
245 1 0 _aNoah Webster :
_bAmerican Men of Letters
_h[electronic resource] /
_cHorace Elisha Scudder
260 _bProject Gutenberg,
_c2010
506 _aPublic domain in the USA.
516 _aElectronic text
653 _aWebster, Noah, 1758-1843
653 _aLexicographers -- United States -- Biography
653 _aEducators -- United States -- Biography
700 1 _aWarner, Charles Dudley,
_d1829-1900
830 0 _aProject Gutenberg
_v31238
856 4 0 _uhttp://www.gutenberg.org/ebooks/31238
942 _cEB
999 _c260493
_d260493